000 00287nam a22001217a 4500
041 _aENG
100 _aDougherty.T.C
245 _aEnvironmental Impact Assessment Of Ittigation And Drainage Projects
260 _aRome
_bFAO
_c1995
300 _a74
650 _aFAO
856 _uFAO (01)
999 _c2386
_d2386